Pop, Hip Hop, and Rap artists by song - Statistics

General Stats
  • This quiz has been taken 3,458 times
    3,454 since last reset
  • The average score is 10 of 15
Answer Stats
Hint Answer % Correct
Lose Yourself Eminem
89%
Single Ladies Beyonce
87%
Tik Tok Ke$ha
87%
Lazy Song Bruno Mars
86%
Stronger Kanye West
81%
Party Rock Anthem LMFAO
78%
Starships Nicki Minaj
77%
Set Fire To The Rain Adele
75%
Just Dance Lady Gaga
75%
99 Problems Jay-Z
74%
Hey Soul Sister Train
59%
What's My Name? Rihanna
54%
Glad You Came The Wanted
38%
Fire Burning Sean Kingston
34%
Secrets One Republic
22%
No matching quizzes found
Score Distribution
Percent of People with Each Score
Percentile by Number Answered
Your Score History
You have not taken this quiz since the last reset